000 00481nam a2200181Ia 4500
008 240729s9999 xx 000 0 und d
022 _a2674-0621
245 0 _aRheumato
260 _aSwitzerland
260 _bMDPI AG
650 _a Immunologic diseases. Allergy
650 _a Internal medicine
650 _a Specialties of internal medicine
650 _aMedicine
856 _uhttps://doaj.org/toc/da6efe25ea7c493cb5d0cf4c2f118c56
942 _2ddc
942 _cDOAJEJ
999 _c72988
_d72988
945 _a1
_bMadushi Gamage
_c1
_dMadushi Gamage